Countries with coyotes - Statistics

General Stats
  • This quiz has been taken 45 times
  • The average score is 10 of 10
Answer Stats
Answer % Correct
Canada
100%
Mexico
100%
United States of america
100%
El salvador
98%
Panama
98%
Belize
95%
Costa rica
95%
Guatemala
95%
Honduras
93%
Nicaragua
93%
No matching quizzes found
Score Distribution
Percent of People with Each Score
Percentile by Number Answered
Your Score History
You have not taken this quiz